000 00304nam a2200121Ia 4500
008 190216s9999||||xx |||||||||||||| ||und||
100 _aWilliam A Chance
245 0 _aStatistical Methods For Decision Making
260 _bRichard D Irwin Inc
_c1969
300 _a442p
650 _aStatistics
942 _cBK
999 _c4221
_d4221